[Event "Penang op-B 14th"]
[Site "Penang"]
[Date "2022.12.22"]
[Round "6"]
[White "Ifanka, Fatika la Viola"]
[Black "Chow, Jun Xiang Anthony"]
[Result "0-1"]
[WhiteElo "1734"]
[BlackElo "1253"]
[PlyCount "60"]
[EventDate "2022.12.19"]
[EventType "swiss"]
[EventRounds "9"]
[EventCountry "MAS"]
[SourceTitle "EXT 2024"]
[Source "ChessBase"]
[SourceDate "2023.10.10"]
[SourceVersion "1"]
[SourceVersionDate "2023.10.10"]
[SourceQuality "1"]

1. d4 Nf6 2. c4 e6 3. Nc3 Bb4 4. Bg5 c5 5. dxc5 h6 6. Bd2 Bxc5 7. e3 0-0 8. Nf3 a6 9. Bd3 d5 10. 0-0 dxc4 11. Bxc4 b5 12. Bb3 Bb7 13. Ne1 Nbd7 14. Nd3 Bd6 15. Qe2 Qb8 16. h3 b4 17. Na4 Ne4 18. Bxb4 Bh2+ 19. Kh1 Rd8 20. Nac5 Ndxc5 21. Nxc5 Bc6 22. Nxa6 Qe5 23. Bc4 Bg3 24. Qc2 Qf5 25. f3 Rd2 26. Qc1 Nf2+ 27. Kg1 Nxh3+ 28. Kh1 Nf2+ 29. Kg1 Qh5 30. Rxf2 Qh2+ 0-1